Une première par jour : (Record no. 170864)

MARC details
000 -LEADER
campo de control de longitud fija 00626nam a2200193 i 4500
001 - NÚMERO DE CONTROL
campo de control 170864
003 - IDENTIFICADOR DE NÚMERO DE CONTROL
campo de control ES-MaACL
005 - FECHA Y HORA DE LA ÚLTIMA TRANSACCIÓN
campo de control 20260217063017.0
008 - DATOS DE LONGITUD FIJA--INFORMACIÓN GENERAL
campo de control de longitud fija 090413s1888 fr |||| | fre d
080 ## - NÚMERO DE LA CLASIFICACIÓN DECIMAL UNIVERSAL
Número de la Clasificación Decimal Universal 792(44)
100 1# - ENTRADA PRINCIPAL--NOMBRE DE PERSONA
Nombre de persona Soubies, Albert,
Fechas asociadas al nombre 1846-1918
9 (RLIN) 132849
245 14 - MENCIÓN DEL TÍTULO
Título Une première par jour :
Resto del título causeries sur le théâtre /
Mención de responsabilidad, etc. Albert Soubies.
260 ## - PUBLICACIÓN, DISTRIBUCIÓN, ETC.
Lugar de publicación, distribución, etc. Paris :
Nombre del editor, distribuidor, etc. A. Dupret,
Fecha de publicación, distribución, etc. 1888.
300 ## - DESCRIPCIÓN FÍSICA
Extensión VI, 443 p., [1] h. ;
Dimensiones 19 cm.
500 ## - NOTA GENERAL
Nota general Índice.
650 #4 - PUNTO DE ACCESO ADICIONAL DE MATERIA--TÉRMINO DE MATERIA
Término de materia o nombre geográfico como elemento de entrada Teatro-
Subdivisión geográfica Francia-
Subdivisión cronológica S.XIX.
9 (RLIN) 174697
852 4# - LOCALIZACIÓN
Ubicación ES-MaACL
Número de control de estantería E-12575
Nota libre - Biblioteca Jacinto Martínez Lacalle
Holdings
Estatus retirado Estado de pérdida Estado de daño No para préstamo Colección Biblioteca de origen Biblioteca actual Ubicación en estantería Fecha de adquisición Fuente de adquisición Total de préstamos Signatura topográfica completa Código de barras Visto por última vez Precio de reemplazo Tipo de ítem Koha
        Libros del s. XIX Biblioteca del Ateneo de Madrid Biblioteca del Ateneo de Madrid Depósito 2 13/04/2009     E-12575 1179321 23/02/2023 23/02/2023 Libro impreso antiguo